Assessing risks in residential lettings (Record no. 81205)
[ view plain ]
| 000 -LEADER | |
|---|---|
| fixed length control field | 00956cab a22002055a 4500 |
| 001 - CONTROL NUMBER | |
| control field | L146624 |
| 008 - FIXED-LENGTH DATA ELEMENTS--GENERAL INFORMATION | |
| fixed length control field | 090210s2009 xxkdo f 000 0 eng d |
| 035 ## - SYSTEM CONTROL NUMBER | |
| System control number | (Sirsi) u146624 |
| 041 0# - LANGUAGE CODE | |
| Language code of text/sound track or separate title | eng |
| 100 1# - MAIN ENTRY--PERSONAL NAME | |
| Personal name | Marsden, Neil |
| 245 00 - TITLE STATEMENT | |
| Title | Assessing risks in residential lettings |
| Remainder of title | understanding HHSRS |
| 260 ## - PUBLICATION, DISTRIBUTION, ETC. | |
| Date of publication, distribution, etc. | 2009 |
| 490 ## - SERIES STATEMENT | |
| Series statement | Letting Update Journal |
| Volume/sequential designation | (4)16 January 2009, 18-21(4) |
| 520 ## - SUMMARY, ETC. | |
| Summary, etc. | Article discusses the change in emphasis on residential health and safety from complying with standards to reducing hazards identified during risk assessment under the Housing Act 2004. The author explains the Housing Health and Safety Rating System (HHSRS) and hazard management and also looks at steps that landlords can take to reduce their exposure to tenant accidents. |
| 590 ## - LOCAL NOTE (RLIN) | |
| Local note | KA |
| 650 24 - SUBJECT ADDED ENTRY--TOPICAL TERM | |
| Topical term or geographic name entry element | HOUSING ACT 2004 |
| 651 #4 - SUBJECT ADDED ENTRY--GEOGRAPHIC NAME | |
| Geographic name | England and Wales |
| Chronological subdivision | 1543- |
| 690 ## - LOCAL SUBJECT ADDED ENTRY--TOPICAL TERM (OCLC, RLIN) | |
| Topical term or geographic name as entry element | MANAGEMENT-HEALTH AND SAFETY-FIRE SAFETY-FIRE RISK ASSESSMENT |
| 942 ## - ADDED ENTRY ELEMENTS (KOHA) | |
| Suppress in OPAC | 0 |
| Withdrawn status | Lost status | Source of classification or shelving scheme | Damaged status | Not for loan | Home library | Current library | Shelving location | Date acquired | Total Checkouts | Full call number | Barcode | Date last seen | Copy number | Price effective from | Koha item type |
|---|---|---|---|---|---|---|---|---|---|---|---|---|---|---|---|
| Dewey Decimal Classification | London | London | Journal article | 10/02/2009 | L146624 | 146624-1001 | 06/08/2019 | 1 | 06/08/2019 | Journal article |